Introduction to magnetism and magnetic materials

Αποθηκεύτηκε σε:
Λεπτομέρειες βιβλιογραφικής εγγραφής
Κύριος συγγραφέας: Jiles David
Μορφή: Βιβλίο
Γλώσσα:English
Δημοσίευση: Boca Raton : CRC, Taylor & Francis, c1998
Έκδοση:2nd ed.
Θέματα:
Ετικέτες: Προσθήκη ετικέτας
Δεν υπάρχουν, Καταχωρήστε ετικέτα πρώτοι!

MARC

LEADER 00000nam a2200000 i 4500
001 1/62967
008 071114s1998 eng d
020 |a 0-412-79860-3 
020 |a 978-0-412-79860-3 
035 |l 10092288 
040 |a GR-MY-UA  |b gre  |e aacr 
041 0 |a eng 
082 0 |a 538  |2 (22) 
100 1 |a Jiles David. 
245 1 0 |a Introduction to magnetism and magnetic materials /  |c David Jiles 
250 |a 2nd ed. 
260 |a Boca Raton :   |b CRC,   |b Taylor & Francis,   |c c1998 
300 |a xxvii, 536 σ.;  |b εικ.;  |c 24 εκ. 
504 |a Περιλαμβάνει βιβλιογραφίες και ευρετήρια 
650 0 0 |a Magnetism. 
650 0 0 |a Magnetic materials. 
852 |a INST  |b SYROS  |e 20071114  |h 538 JIL  |p 005500006948  |q 005500006948  |t BK  |y 0 
901 |a BIBL5-2007-3 
909 |a Ε  |b 140170 
920 |a ΑΝΑΜΟΡΦΩΣΗ  |b ΕΠΕΑΕΚ ΙΙ-ΤΜΣΠΣ  |y ΣΥΡΟΣ  |z 2006-06 
970 |a ΚΟΝΤΟΥ  |b ΠΑΡΑΣΚΕΥΗ  |z 2007/11/14